h1

h2

h3

h4

h5
h6
000856861 001__ 856861
000856861 005__ 20251020082357.0
000856861 037__ $$aRWTH-2022-11180
000856861 041__ $$aEnglish
000856861 082__ $$a004
000856861 1001_ $$0P:(DE-82)959005$$aVonderstein, Christian Jürgen$$b0$$urwth
000856861 245__ $$aDesign and evaluation of parallel assertions for MPI programs$$cChristian Jürgen Vonderstein$$hprint
000856861 246_3 $$aEntwurf und Evaluation von parallelen Zusicherungen in MPI-Programmen$$yGerman
000856861 260__ $$aAachen$$c2022
000856861 300__ $$axiii, 46 Seiten : Illustrationen
000856861 3367_ $$02$$2EndNote$$aThesis
000856861 3367_ $$0PUB:(DE-HGF)2$$2PUB:(DE-HGF)$$aBachelor Thesis$$bbachelor$$mbachelor
000856861 3367_ $$2BibTeX$$aMASTERSTHESIS
000856861 3367_ $$2DRIVER$$abachelorThesis
000856861 3367_ $$2DataCite$$aOutput Types/Supervised Student Publication
000856861 3367_ $$2ORCID$$aSUPERVISED_STUDENT_PUBLICATION
000856861 502__ $$aBachelorarbeit, RWTH Aachen University, 2022$$bBachelorarbeit$$cRWTH Aachen University$$d2022$$gFak01$$o2022-12-09
000856861 5203_ $$lger
000856861 520__ $$leng
000856861 591__ $$aGermany
000856861 7001_ $$0P:(DE-82)IDM01074$$aMüller, Matthias S.$$b1$$eThesis advisor$$urwth
000856861 7001_ $$0P:(DE-82)IDM00052$$aGiesl, Jürgen$$b2$$eThesis advisor$$urwth
000856861 7001_ $$0P:(DE-82)IDM00506$$aJenke, Joachim$$b3$$eConsultant$$urwth
000856861 7001_ $$0P:(DE-82)IDM05431$$aSchwitanski, Simon$$b4$$eConsultant$$urwth
000856861 7001_ $$0P:(DE-82)837502$$aTomski, Felix$$b5$$eConsultant$$urwth
000856861 8564_ $$uhttps://publications.rwth-aachen.de/record/856861/files/856861.pdf$$yRestricted
000856861 8564_ $$uhttps://publications.rwth-aachen.de/record/856861/files/856861_source.zip$$yRestricted
000856861 909CO $$ooai:publications.rwth-aachen.de:856861$$pVDB
000856861 9101_ $$0I:(DE-588b)36225-6$$6P:(DE-82)959005$$aRWTH Aachen$$b0$$kRWTH
000856861 9101_ $$0I:(DE-588b)36225-6$$6P:(DE-82)IDM01074$$aRWTH Aachen$$b1$$kRWTH
000856861 9101_ $$0I:(DE-588b)36225-6$$6P:(DE-82)IDM00052$$aRWTH Aachen$$b2$$kRWTH
000856861 9101_ $$0I:(DE-588b)36225-6$$6P:(DE-82)IDM00506$$aRWTH Aachen$$b3$$kRWTH
000856861 9101_ $$0I:(DE-588b)36225-6$$6P:(DE-82)IDM05431$$aRWTH Aachen$$b4$$kRWTH
000856861 9101_ $$0I:(DE-588b)36225-6$$6P:(DE-82)837502$$aRWTH Aachen$$b5$$kRWTH
000856861 9141_ $$y2022
000856861 9201_ $$0I:(DE-82)123010_20140620$$k123010$$lLehrstuhl für Informatik 12 (Hochleistungsrechnen)$$x0
000856861 9201_ $$0I:(DE-82)120000_20140620$$k120000$$lFachgruppe Informatik$$x1
000856861 961__ $$c2023-06-01T09:16:40.061983$$x2022-12-09T16:48:06.541594$$z2023-06-01T09:16:40.061983
000856861 980__ $$aI:(DE-82)120000_20140620
000856861 980__ $$aI:(DE-82)123010_20140620
000856861 980__ $$aUNRESTRICTED
000856861 980__ $$aVDB
000856861 980__ $$abachelor